Samostijna Ukrajina nam ne vpala z neba rozmova z Mykoloju Mušynkoju pro Hucul's'ku respubliku ta jiji prezydenta

Bibliographic Details
Main Authors: Hvať, Ján, 1950- (Author, Interviewer), Mušinka, Mikuláš, 1936-2024 (Author)
Format: Article
Language:Slovak
Ukrainian
PhysicalDescription:Fotogr.
Subjects:

MARC

LEADER 00000nab a2200000 a 4500
001 vtls009933950
003 SK-MaSNL
005 20260304164323.0
008 250507c2009 xo br p 000 c0slo
015 |a SNBRB2009/07 
035 |a (uuid)10cdc5b2-03a6-4d3c-ae9b-28cc98a306da 
035 |a urn:nbn:sk:snk-abc503 
035 |a (urnnbn)urn:nbn:sk:snk:ar-001cvr 
038 |a SVKPOCL 
040 |a SNKBUCL  |b slo  |c SNKBUCL  |e AACR2 
041 0 |a ukr 
044 |a xo  |c SK 
080 |a 94(477)"1929"  |2 2001 
080 |a 929 Kločurak, Stepan  |2 2001 
100 1 |a Hvať, Ján,  |d 1950-  |4 aut  |4 ivr  |9 1098739 
245 1 0 |a Samostijna Ukrajina nam ne vpala z neba  |b rozmova z Mykoloju Mušynkoju pro Hucul's'ku respubliku ta jiji prezydenta  |c za rozmovu podjakuvav Ivan Hvat'. 
300 |b Fotogr. 
600 1 7 |a Kločurak, Stepan, 1895-1980  |x biografie  |2 svkpocl  |9 1492813 
610 2 7 |a Huculská republika (Ukrajina)  |y 1919  |x výročie vyhlásenia 90.  |2 svkpocl  |9 1492814 
648 7 |a 1919  |2 svkpocl  |9 288263 
650 0 7 |a dejiny  |2 svkpocl  |9 3825 
650 0 7 |a publicistika  |2 svkpocl  |9 19168 
651 7 |a Ukrajina  |2 svkpocl  |9 168045 
655 7 |a biografie  |2 svkpocl  |9 27965 
700 1 |a Mušinka, Mikuláš,  |d 1936-2024  |4 aut  |9 99915 
773 0 |t Duklja  |g Rič. 57, No 2 (2009), s. 74-79 
850 |a Slovenská národná knižnica 
852 |a Slovenská národná knižnica 
958 |a article15 
958 |a UK 
958 |a UA 
958 |a BC 
958 |a SK 
958 |a OND 
958 |a EUIPO 
999 |c 2980433  |d 2982363